Trombinoscope de la IIIe République française - Statistiques

Statistiques générales
  • Ce quiz a été pris 195 fois
  • Le résultat moyen est 17 sur 49
Statistiques - réponses
Hint Réponse % Correct
Philippe Pétain
81%
Victor Hugo
79%
Alfred Dreyfus
66%
Patrice de Mac-Mahon
52%
Léon Blum
50%
Adolphe Thiers
50%
Pierre Laval
50%
Jean Jaurès
50%
Georges Clémenceau
49%
Ferdinand Foch
49%
Jules Ferry
48%
Émile Zola
44%
Paul Deschanel
43%
Sadi Carnot
43%
Joseph Joffre
42%
Léon Gambetta
39%
Georges Boulanger
39%
Albert Lebrun
36%
Maurice Thorez
35%
Raymond Poincaré
35%
Paul Doumer
35%
Émile Loubet
33%
Aristide Briand
32%
Jean Casimir-Perier
32%
Armand Fallières
32%
Maurice Barrès
32%
Charles Maurras
31%
Jules Guesde
30%
Édouard Daladier
30%
Paul Reynaud
28%
Jules Grévy
28%
Félix Faure
28%
Édouard Herriot
26%
Gaston Doumergue
26%
Jean Zay
26%
Alexandre Millerand
24%
André Tardieu
23%
Hubert Lyautey
22%
Maurice Pujo
19%
Jules Méline
19%
Pierre Waldeck-Rousseau
18%
Émile Combes
18%
Paul Déroulède
15%
René Viviani
14%
Paul Painlevé
13%
Camille Chautemps
12%
Armand de Mackau
12%
Henri Brisson
11%
René Goblet
10%
Aucun quiz correspondant
Distribution des résultats
% des personnes avec chaque résultat
Percentile par nombre de réponses
Votre historique - résultats
Vous n’avez pas pris ce quiz